|
|
|
|
| LEADER |
00000cam a2200000 7i4500 |
| 001 |
0000000370 |
| 005 |
20030502.0 |
| 090 |
0 |
0 |
|a 634.97342
|b WOR 1989
|
| 110 |
1 |
0 |
|a WORKSHOP on Mangrove and Estuarine Vegetation
|j University Pertanian Malaysia
|k 1977
|
| 245 |
0 |
0 |
|a Workshop on ... , 10th December 1977 :
|b Working papers
|
| 260 |
0 |
0 |
|a Serdang, Selangor :
|b Fakulti Perhutanan, University Pertanian Malaysia ,
|c 1980
|
| 300 |
|
|
|a v,107 leaves :
|b map, tables ;
|c 28 cm.
|
| 650 |
0 |
0 |
|a Mangrove
|x Congresses
|
| 998 |
|
|
|a JPSM
|
| 999 |
|
|
|a 0000000484
|b Monograph
|c Open Shelf
|e Default branch
|
| 999 |
|
|
|a 0000003994
|b Monograph
|c Open Shelf
|e Default branch
|
| 999 |
|
|
|a 0000004358
|b Monograph
|c Open Shelf
|e Default branch
|